[Event "41st Olympiad Women 2014"]
[Site "Tromso NOR"]
[Date "2014.08.08"]
[Round "6.36"]
[Board "2"]
[White "Bejatovic, Bojana"]
[Black "Solomons, Anzel"]
[Result "1-0"]
[BlackTitle "WIM"]
[WhiteElo "1980"]
[BlackElo "1840"]
[WhiteTeam "FYROM"]
[BlackTeam "South Africa"]
[WhiteFideId "15000141"]
[BlackFideId "14300800"]
[EventDate "2014.08.02"]

1. d4 d5 2. Nf3 Nf6 3. Bf4 e6 4. h3 c5 5. e3 Be7 6. c3 Nc6 7. Nbd2 O-O 8. Bd3 c4
9. Bc2 b5 10. Ng5 Bd6 11. Ndf3 h6 12. h4 Bxf4 13. exf4 b4 14. Ne5 Qc7 15. Qf3
Rb8 16. Rb1 bxc3 17. bxc3 Rxb1+ 18. Bxb1 Qb6 19. Qd1 Ne7 20. Qc2 g6 21. Ngf3 Ne4
22. Nd2 Nxd2 23. Kxd2 Nf5 24. h5 Nxd4 25. cxd4 Qxd4+ 26. Ke1 c3 27. hxg6 f6 28.
g7 Qd2+ 29. Qxd2 cxd2+ 30. Kxd2 Rd8 31. Rxh6 Kxg7 32. Rh7+ Kg8 33. Nc6 Re8 34.
Bg6 1-0

[Event "41st Olympiad Women 2014"]
[Site "Tromso NOR"]
[Date "2014.08.08"]
[Round "6.36"]
[Board "3"]
[White "Tlale, Tshepang"]
[Black "Nikolovska, Dragana"]
[Result "1-0"]
[WhiteTitle "WIM"]
[WhiteElo "1798"]
[BlackElo "1893"]
[WhiteTeam "South Africa"]
[BlackTeam "FYROM"]
[WhiteFideId "14304503"]
[BlackFideId "15000133"]
[EventDate "2014.08.02"]

1. e4 c5 2. Nf3 d6 3. Bb5+ Bd7 4. Bxd7+ Qxd7 5. c4 Nc6 6. O-O Nf6 7. Nc3 g6 8.
Re1 Bg7 9. d3 O-O 10. Rb1 e6 11. h3 Rfd8 12. Be3 b6 13. d4 cxd4 14. Nxd4 d5 15.
cxd5 exd5 16. exd5 Nxd5 17. Nxd5 Qxd5 18. Nxc6 Qxc6 19. Qb3 Rac8 20. Bg5 Rd7 21.
Qe3 h5 22. Rbc1 Qb7 23. b3 Rdc7 24. Rcd1 Rc2 25. Qf4 Qc7 26. Qa4 Kh7 27. Rd7 Qc5
28. Be3 Qc3 29. Red1 Rc7 30. Rd8 Qc6 31. Qa3 Qc3 32. Qa6 Qb2 33. Qa4 Qe5 34.
R8d5 Qe6 35. Rd6 Qe5 36. R6d5 Qe6 37. a3 Rb2 38. Qf4 Rbc2 39. b4 R7c4 40. Qf3
Rc8 41. Rd6 Qb3 42. Rd7 R8c7 43. R7d5 Qc3 44. Qe4 f5 45. Rxf5 gxf5 46. Qxf5+ Kg8
47. Rd8+ 1-0

[Event "41st Olympiad Women 2014"]
[Site "Tromso NOR"]
[Date "2014.08.08"]
[Round "6.36"]
[Board "4"]
[White "Manova, Ivana"]
[Black "Van Niekerk, Robyn Julian"]
[Result "0-1"]
[WhiteElo "1626"]
[BlackElo "1627"]
[WhiteTeam "FYROM"]
[BlackTeam "South Africa"]
[WhiteFideId "15003590"]
[BlackFideId "14305020"]
[EventDate "2014.08.02"]

1. e4 c5 2. Nf3 e6 3. d4 cxd4 4. Nxd4 a6 5. Bd3 Nf6 6. O-O Qc7 7. Nc3 b5 8. Qe2
d6 9. Kh1 Be7 10. Bg5 Nbd7 11. f4 Bb7 12. Rae1 Nc5 13. e5 Nd5 14. Bxe7 Nxe7 15.
Bxb5+ Kf8 16. Bd3 dxe5 17. fxe5 Kg8 18. Ne4 Nxd3 19. Qxd3 Ng6 20. Nf3 Rd8 21.
Qc3 Qe7 22. Nfg5 Bxe4 23. Nxe4 h6 24. Qg3 Kh7 25. Rf2 Rhf8 26. b3 Rd5 27. Nc3
Rc5 28. Na4 Rd5 29. Rfe2 Rfd8 30. Nc3 Rd2 31. Qe3 Rxe2 32. Rxe2 Qc7 33. h3 Rc8
34. Na4 Rd8 35. Re1 Qxc2 36. Nc3 Rd3 37. Rc1 Qxg2+ 38. Kxg2 Rxe3 39. Na4 Re2+
40. Kg3 Rxa2 41. Rc6 Ra3 42. Nc5 Nxe5 43. Rxa6 Rxa6 44. Nxa6 Nd7 45. b4 Kg8 46.
Kf4 Kf8 47. b5 Ke7 48. Nc7 Kd8 49. Na6 Kc8 50. Ke4 Kb7 51. Kd4 Kb6 52. Kc4 f6
53. Kb4 h5 54. Ka4 f5 55. Nb4 Nc5+ 56. Ka3 Kxb5 57. Nc2 Kc4 58. Ne3+ Kd3 59. Ng2
g5 60. h4 gxh4 61. Nf4+ Ke4 62. Nxh5 f4 63. Kb4 Nd7 64. Kb5 f3 65. Kc6 f2 66.
Kxd7 f1=Q 0-1

[Event "41st Olympiad Women 2014"]
[Site "Tromso NOR"]
[Date "2014.08.08"]
[Round "6.38"]
[Board "1"]
[White "Dimitrijevic, Aleksandra"]
[Black "Dahdal, Lougain"]
[Result "1-0"]
[WhiteTitle "WFM"]
[BlackTitle "WIM"]
[WhiteElo "2293"]
[BlackElo "1973"]
[WhiteTeam "Bosnia & Herzegovina"]
[BlackTeam "Jordan"]
[WhiteFideId "929239"]
[BlackFideId "8102880"]
[EventDate "2014.08.02"]

1. e4 c5 2. c3 e6 3. Nf3 Nc6 4. Bd3 Be7 5. O-O Nf6 6. e5 Nd5 7. Na3 d6 8. Nc4
Nf4 9. Bb1 d5 10. d4 dxc4 11. Bxf4 cxd4 12. cxd4 b5 13. a4 b4 14. Be4 Qc7 15. d5
exd5 16. Qxd5 Bb7 17. Qxc4 O-O 18. Nd4 Rac8 19. Bxc6 Bxc6 20. Rac1 1-0

[Event "41st Olympiad Women 2014"]
[Site "Tromso NOR"]
[Date "2014.08.08"]
[Round "6.38"]
[Board "2"]
[White "Fuad Kamel Jamaliah, Natalie"]
[Black "Dengler, Dijana"]
[Result "1-0"]
[WhiteTitle "WIM"]
[BlackTitle "WFM"]
[WhiteElo "2003"]
[BlackElo "2070"]
[WhiteTeam "Jordan"]
[BlackTeam "Bosnia & Herzegovina"]
[WhiteFideId "724190"]
[BlackFideId "14400081"]
[EventDate "2014.08.02"]

1. d4 d5 2. Bf4 c6 3. Nf3 Nf6 4. e3 Bg4 5. Nbd2 Nbd7 6. h3 Bh5 7. Be2 e6 8. O-O
Be7 9. c3 O-O 10. Bh2 c5 11. Ne5 Bxe2 12. Qxe2 Nxe5 13. Bxe5 Nd7 14. Bh2 Qb6 15.
Nf3 Rfc8 16. dxc5 Nxc5 17. Nd4 Bf6 18. Rfd1 a5 19. Rab1 a4 20. Nb5 Rc6 21. Nd4
Rcc8 22. Nb5 h6 23. Bd6 Ra5 24. Bxc5 Qxc5 25. Nd4 Raa8 26. a3 Qe7 27. Rd2 Ra5
28. Rbd1 Rac5 29. Nc2 Rc4 30. Nb4 Be5 31. f4 Bb8 32. Nc2 Ba7 33. Kh1 Re4 34. Rd3
Qh4 35. Qf3 g6 36. Kh2 Qf6 37. Rf1 Kg7 38. Nd4 Bb8 39. Kh1 h5 40. Qd1 Ba7 41.
Qxa4 e5 42. Qxa7 exd4 43. Rxd4 Rxe3 44. Rxd5 Qe6 45. Qd4+ Kh7 46. f5 Qe4 47.
fxg6+ fxg6 48. Rf7+ 1-0

[Event "41st Olympiad Women 2014"]
[Site "Tromso NOR"]
[Date "2014.08.08"]
[Round "6.38"]
[Board "3"]
[White "Jacimovic, Sara"]
[Black "Alattar, Ghayda M."]
[Result "1/2-1/2"]
[BlackTitle "WFM"]
[WhiteElo "2032"]
[BlackElo "1950"]
[WhiteTeam "Bosnia & Herzegovina"]
[BlackTeam "Jordan"]
[WhiteFideId "14403668"]
[BlackFideId "8101531"]
[EventDate "2014.08.02"]

1. e4 e5 2. Nf3 Nc6 3. Bb5 f5 4. d3 fxe4 5. dxe4 Nf6 6. O-O d6 7. Nc3 Bg4 8. Qd3
Bxf3 9. Qxf3 Be7 10. Qg3 Qd7 11. Re1 O-O 12. Nd5 Bd8 13. Bg5 Kh8 14. f3 Nh5 15.
Qh4 Qf7 16. Ne3 Nd4 17. Be2 Nf4 18. Bd1 Bxg5 19. Qxg5 Qe8 20. c3 Nde6 21. Qg4
Rf6 22. Be2 Nxe2+ 23. Rxe2 Nf4 24. Rd2 Qb5 25. Kh1 Raf8 26. Qh4 Qb6 27. Ng4 R6f7
28. Qf2 Qxf2 29. Rxf2 Kg8 30. Rd1 h6 31. b4 Kh7 32. Ne3 Ne6 33. Nc2 Ng5 34. Re2
Ne6 35. a4 g6 36. Ne3 Ng5 37. Nc2 Ne6 38. Ne3 Ng5 39. Nc2 Ne6 40. Ne3 Ng5 1/2-1/2

[Event "41st Olympiad Women 2014"]
[Site "Tromso NOR"]
[Date "2014.08.08"]
[Round "6.38"]
[Board "4"]
[White "Boshra, Alshaeby"]
[Black "Topic, Aja"]
[Result "1-0"]
[WhiteTitle "WFM"]
[WhiteElo "1947"]
[BlackElo "2132"]
[WhiteTeam "Jordan"]
[BlackTeam "Bosnia & Herzegovina"]
[WhiteFideId "8102937"]
[BlackFideId "14404591"]
[EventDate "2014.08.02"]

1. d4 d5 2. c4 e6 3. e3 Nf6 4. Nf3 Be7 5. Bd3 O-O 6. O-O dxc4 7. Bxc4 c5 8. Qe2
a6 9. dxc5 Bxc5 10. a3 Qe7 11. b4 Ba7 12. Bb2 b5 13. Bd3 Bb7 14. Nbd2 Nbd7 15.
Rac1 Rac8 16. Bb1 Rfd8 17. Ng5 Nf8 18. Rxc8 Rxc8 19. Nde4 Nxe4 20. Nxe4 Ng6 21.
Qh5 Bxe4 22. Bxe4 Rc4 23. Bd3 Rh4 24. Qe2 Bb8 25. g3 Qd6 26. Rc1 Ne7 27. f4 Rh6
28. Qc2 f5 29. Be5 Qb6 30. Bxb8 Qxb8 31. Qc5 Qd8 32. Rd1 Rf6 33. Bc2 Qe8 34. Rd6
Nd5 35. Bb3 Qh5 36. Rd8+ Kf7 37. Qf8+ Kg6 38. Qe8+ Kh6 39. Qxh5+ Kxh5 40. Bxd5
exd5 41. Rxd5 g5 42. h3 h6 43. Kg2 g4 44. e4 Rc6 45. Rxf5+ Kg6 46. hxg4 Rc2+ 47.
Kh3 Rc3 48. Rc5 Rxa3 49. Rc6+ Kg7 50. e5 Ra1 51. f5 Re1 52. Rc7+ Kf8 53. e6 Ke8
54. Kg2 Re4 55. Kf3 Rxb4 56. f6 Rc4 57. Rxc4 bxc4 58. Ke4 a5 1-0

[Event "41st Olympiad Women 2014"]
[Site "Tromso NOR"]
[Date "2014.08.08"]
[Round "6.39"]
[Board "1"]
[White "Guindy, Esmat"]
[Black "Matoussi, Amina"]
[Result "1-0"]
[WhiteTitle "WFM"]
[BlackTitle "WFM"]
[WhiteElo "2074"]
[BlackElo "1747"]
[WhiteTeam "Denmark"]
[BlackTeam "Tunisia"]
[WhiteFideId "1401637"]
[BlackFideId "5501164"]
[EventDate "2014.08.02"]

1. g3 Nf6 2. Bg2 g6 3. d4 Bg7 4. c4 d6 5. Nf3 Nbd7 6. Nc3 c6 7. O-O O-O 8. h3
Qc7 9. e4 e5 10. Be3 Re8 11. Re1 exd4 12. Nxd4 Nc5 13. Qc2 Ne6 14. Rad1 Nxd4 15.
Bxd4 Be6 16. b3 Rad8 17. Rd2 Qa5 18. Red1 d5 19. exd5 cxd5 20. cxd5 Bf5 21. Qb2
Rd6 22. b4 Qc7 23. Nb5 Qd7 24. Nxd6 Qxd6 25. g4 Bc8 26. Re2 b6 27. Be5 Qd7 28.
Re3 Qe7 29. Bxf6 1-0

[Event "41st Olympiad Women 2014"]
[Site "Tromso NOR"]
[Date "2014.08.08"]
[Round "6.39"]
[Board "2"]
[White "Marzouk, Amira"]
[Black "Frank-Nielsen, Marie"]
[Result "1/2-1/2"]
[WhiteTitle "WCM"]
[BlackTitle "WFM"]
[WhiteElo "1669"]
[BlackElo "1969"]
[WhiteTeam "Tunisia"]
[BlackTeam "Denmark"]
[WhiteFideId "5501148"]
[BlackFideId "1409344"]
[EventDate "2014.08.02"]

1. e4 c5 2. Nc3 Nc6 3. g3 g6 4. Bg2 Bg7 5. Nf3 d6 6. O-O e5 7. d3 Nge7 8. Be3
Nd4 9. Ne2 Bg4 10. Nexd4 cxd4 11. Bg5 f6 12. Bd2 Qd7 13. Qc1 h5 14. Ne1 Be2 15.
f4 Bxf1 16. Bxf1 h4 17. Qd1 hxg3 18. hxg3 O-O-O 19. c3 Nc6 20. Rc1 Kb8 21. Nc2
f5 22. cxd4 exd4 23. Nb4 Nxb4 24. Bxb4 Bf6 25. Bg2 g5 26. Qb3 fxe4 27. dxe4 Rh7
28. Ba5 Rc8 29. Rxc8+ Qxc8 30. Bb4 Be7 31. f5 Qc1+ 32. Kf2 Qe3+ 33. Qxe3 dxe3+
34. Kxe3 Kc7 35. Kf3 Kd7 36. Bc3 a6 37. e5 dxe5 38. Bxe5 Rf7 39. Kg4 b6 40. Bd5
Rf8 1/2-1/2

[Event "41st Olympiad Women 2014"]
[Site "Tromso NOR"]
[Date "2014.08.08"]
[Round "6.39"]
[Board "3"]
[White "Olsen, Miriam F"]
[Black "Krifa, Najla"]
[Result "0-1"]
[BlackTitle "WFM"]
[WhiteElo "2019"]
[BlackElo "1759"]
[WhiteTeam "Denmark"]
[BlackTeam "Tunisia"]
[WhiteFideId "1408259"]
[BlackFideId "5501040"]
[EventDate "2014.08.02"]

1. e4 c5 2. Nf3 d6 3. d4 cxd4 4. Nxd4 Nf6 5. Nc3 Nc6 6. Be2 Bd7 7. O-O g6 8. Nb3
Bg7 9. Bg5 O-O 10. Kh1 Be6 11. f4 Bxb3 12. axb3 Qb6 13. Bh4 Rfe8 14. Bxf6 Bxf6
15. Nd5 Qd8 16. Nxf6+ exf6 17. Bf3 Qc7 18. Rf2 Ne7 19. Rd2 Nc8 20. c3 Rb8 21.
Rd5 b6 22. Qd3 Qe7 23. h3 Rb7 24. Bg4 Kg7 25. Qd4 Rc7 26. Bf3 Rc5 27. b4 Rxd5
28. Qxd5 Qc7 29. Rd1 Rd8 30. e5 Qe7 31. Qd4 d5 32. Bxd5 fxe5 33. fxe5 f6 34. Re1
fxe5 35. Rxe5 Qf6 36. Qe4 Rf8 37. Bb7 Nd6 38. Re7+ Kh8 39. Re6 Qf1+ 40. Kh2 Nxe4 0-1

[Event "41st Olympiad Women 2014"]
[Site "Tromso NOR"]
[Date "2014.08.08"]
[Round "6.39"]
[Board "4"]
[White "Ben Said, Safa"]
[Black "Stolberg-Rohr, Thomine"]
[Result "0-1"]
[WhiteTitle "WCM"]
[BlackTitle "WFM"]
[WhiteElo "1589"]
[BlackElo "1960"]
[WhiteTeam "Tunisia"]
[BlackTeam "Denmark"]
[WhiteFideId "5503400"]
[BlackFideId "1504258"]
[EventDate "2014.08.02"]

1. e4 c5 2. Nf3 e6 3. d4 cxd4 4. Nxd4 a6 5. Bc4 Qc7 6. Qe2 Nc6 7. Be3 Nf6 8. Nd2
b5 9. Nxc6 bxc4 10. Nd4 c3 11. bxc3 Qxc3 12. O-O Be7 13. e5 Nd5 14. Ne4 Qc7 15.
Bg5 Qxe5 16. Bxe7 Nxe7 17. Nf3 Qc7 18. Qd3 d5 19. Ng3 h6 20. Nh5 O-O 21. Nh4 a5
22. Qg3 Qxg3 23. Nxg3 Ba6 24. Rfc1 Rab8 25. Nf3 Rfc8 26. Nf1 Nf5 27. Ne3 Nxe3
28. fxe3 Rc3 29. Kf2 Rb2 30. Ne1 Ra3 31. Rcb1 Rbxa2 32. Rxa2 Rxa2 0-1

[Event "41st Olympiad Women 2014"]
[Site "Tromso NOR"]
[Date "2014.08.08"]
[Round "6.40"]
[Board "1"]
[White "Menon Jayadev, Poornima"]
[Black "Mouradian, Knarik"]
[Result "0-1"]
[WhiteTitle "WFM"]
[BlackTitle "WIM"]
[WhiteElo "1935"]
[BlackElo "2188"]
[WhiteTeam "Ireland"]
[BlackTeam "Lebanon"]
[WhiteFideId "2501775"]
[BlackFideId "5300517"]
[EventDate "2014.08.02"]

1. d4 Nf6 2. c4 g6 3. Nc3 Bg7 4. e4 d6 5. Nf3 O-O 6. Be2 Nbd7 7. O-O e5 8. d5
Nc5 9. Qc2 a5 10. Bg5 h6 11. Be3 b6 12. a3 a4 13. Nd2 Bd7 14. b4 axb3 15. Nxb3
Na4 16. Nb5 Ne8 17. Rab1 Nc5 18. Nxc5 bxc5 19. a4 f5 20. f3 f4 21. Bf2 g5 22.
Ra1 h5 23. Qd3 g4 24. fxg4 hxg4 25. a5 Nf6 26. a6 Nxe4 27. Ra3 Ng5 28. Qg6 Be8
29. Qc2 f3 30. Bd3 fxg2 31. Kxg2 Nf3 32. Be4 Bh5 33. a7 Nd4 34. Bxd4 Rxf1 35.
Kxf1 exd4 36. Bh7+ Kh8 37. Qf5 Be8 38. Bg6 Bxb5 39. cxb5 c4 40. Qxg4 d3 41. Qh3+
Kg8 42. Bh7+ Kf8 43. Qf5+ Qf6 44. Ke1 Ke7 45. Qe4+ Qe5 46. Qxe5+ Bxe5 47. h3 Bd4
48. Kd2 Kf6 49. Ra4 Ke5 50. Rxc4 Rxa7 51. Bxd3 Kxd5 52. Rc2 Bb6 53. h4 Ra4 54.
h5 Rh4 55. Be2 Ke5 56. Rc1 d5 57. Rc6 Rh3 58. h6 Kd4 59. Rg6 Ba5+ 60. Kd1 Rh1+
61. Kc2 Rh2 62. Kd1 Ke5 63. Bd3 Rd2+ 64. Kc1 Rxd3 65. h7 Rh3 66. Rg5+ Kd6 67.
Rg7 Kc5 68. Rd7 Rh2 69. Kd1 d4 70. Kc1 Kc4 71. Kd1 Kc3 72. Ke1 d3 73. Kf1 Kc2
74. Kg1 Rh6 75. Kf2 d2 76. Ke2 Rxh7 77. Rxh7 d1=Q+ 78. Ke3 Qd2+ 79. Kf3 Qd3+ 0-1

[Event "41st Olympiad Women 2014"]
[Site "Tromso NOR"]
[Date "2014.08.08"]
[Round "6.40"]
[Board "2"]
[White "Nekrasova, Elena"]
[Black "Mirza, Diana"]
[Result "1/2-1/2"]
[WhiteTitle "WFM"]
[WhiteElo "2076"]
[BlackElo "1734"]
[WhiteTeam "Lebanon"]
[BlackTeam "Ireland"]
[WhiteFideId "14100908"]
[BlackFideId "2503999"]
[EventDate "2014.08.02"]

1. e4 d5 2. exd5 Qxd5 3. Nc3 Qd8 4. d4 Nf6 5. Bg5 e6 6. Nf3 Be7 7. Bd3 Nbd7 8.
Qe2 Nb6 9. O-O Nbd5 10. Nxd5 Nxd5 11. Bd2 O-O 12. Rad1 Bd7 13. Qe4 Nf6 14. Qe2
Bc6 15. Bc1 Bxf3 16. Qxf3 Qd5 17. Qxd5 Nxd5 18. Be4 c6 19. c4 Nf6 20. Bf3 Rfd8
21. Rfe1 Rd7 22. b3 Rad8 23. Bb2 Bb4 24. Re3 Bc5 25. Red3 Bb6 26. d5 cxd5 27.
Bxf6 gxf6 28. cxd5 Kf8 29. Be4 Ke7 30. dxe6 Rxd3 31. Rxd3 Rxd3 32. Bxd3 fxe6 33.
Be4 Kd6 34. Bxh7 Bd4 35. g4 Kc5 36. Bg8 e5 37. h4 e4 38. Kf1 Be5 39. Ke2 Kd4 40.
g5 fxg5 41. hxg5 Bf4 42. g6 Bh6 43. Bf7 b5 44. b4 Ke5 45. Be8 Kf6 46. Bc6 Kf5
47. Bb7 Ke5 48. Bc6 Kf5 49. Be8 Kf6 50. Bxb5 Kxg6 51. Bc6 Kf5 52. b5 Bf8 53. a4
Bc5 54. a5 Ke5 55. b6 axb6 56. a6 b5 57. Bxb5 Ba7 58. Bc6 1/2-1/2

[Event "41st Olympiad Women 2014"]
[Site "Tromso NOR"]
[Date "2014.08.08"]
[Round "6.40"]
[Board "3"]
[White "Ui Laighleis, Gearoidin"]
[Black "Jalloul, Maya M."]
[Result "0-1"]
[WhiteTitle "WCM"]
[BlackTitle "WFM"]
[WhiteElo "1830"]
[BlackElo "1922"]
[WhiteTeam "Ireland"]
[BlackTeam "Lebanon"]
[WhiteFideId "2501171"]
[BlackFideId "5300800"]
[EventDate "2014.08.02"]

1. d4 d6 2. Nf3 g6 3. Nc3 Bg7 4. Bf4 Nd7 5. e3 Ngf6 6. Be2 O-O 7. h4 c5 8. Qd2
a6 9. Ng5 h6 10. Nf3 b5 11. Bd3 Bb7 12. a3 Re8 13. Be2 Rc8 14. Rg1 e5 15. dxe5
dxe5 16. Bg3 Nh5 17. O-O-O Nxg3 18. fxg3 Bc6 19. Qd6 Qa5 20. Qd2 b4 21. Nb1 Rb8
22. Bc4 e4 23. Nh2 Ne5 24. Be2 c4 25. Qe1 Qc5 26. axb4 Rxb4 27. c3 Rb3 28. Rd2
Reb8 29. Qd1 Nd3+ 30. Bxd3 cxd3 31. Rf1 Bxc3 32. Nxc3 Rxc3+ 33. Kb1 Bd5 34. Qa4
Ra3 35. Rc1 Ba2+ 0-1

[Event "41st Olympiad Women 2014"]
[Site "Tromso NOR"]
[Date "2014.08.08"]
[Round "6.40"]
[Board "4"]
[White "Bedrosian, Danielle"]
[Black "Kruk, Karina"]
[Result "0-1"]
[BlackTitle "WCM"]
[WhiteElo "1715"]
[BlackElo "1795"]
[WhiteTeam "Lebanon"]
[BlackTeam "Ireland"]
[WhiteFideId "5300479"]
[BlackFideId "1148184"]
[EventDate "2014.08.02"]

1. c4 e5 2. Nc3 Nc6 3. g3 f5 4. Bg2 Nf6 5. d3 Be7 6. Nf3 O-O 7. O-O d6 8. b3 Qe8
9. d4 e4 10. Ne1 Qh5 11. f3 Bd7 12. fxe4 fxe4 13. Nxe4 Nxe4 14. Rxf8+ Rxf8 15.
Bxe4 Kh8 16. Bb2 Bg5 17. Nf3 Be3+ 18. Kh1 Bf2 19. Kg2 Be3 20. Qd3 Qh3+ 21. Kh1
Bf2 22. Ng5 Qh5 23. Nxh7 Nb4 24. Qc3 Qxe2 25. Ng5 Be3 26. Bg2 Nc2 27. d5 Bd4 28.
Bf3 Bxc3 29. Bxe2 Bxb2 30. Rb1 Bf6 31. Ne4 Be5 32. Rb2 Bxb2 0-1

[Event "41st Olympiad Women 2014"]
[Site "Tromso NOR"]
[Date "2014.08.08"]
[Round "6.41"]
[Board "1"]
[White "Olatunji, Oluwatobiloba"]
[Black "Colombo, Camila"]
[Result "0-1"]
[WhiteTitle "WFM"]
[BlackTitle "WIM"]
[WhiteElo "1860"]
[BlackElo "2107"]
[WhiteTeam "Nigeria"]
[BlackTeam "Uruguay"]
[WhiteFideId "8500924"]
[BlackFideId "3001822"]
[EventDate "2014.08.02"]

1. c4 g6 2. Nf3 Bg7 3. d4 d6 4. Nc3 Nf6 5. g3 O-O 6. Bg2 Nc6 7. O-O a6 8. b3 Rb8
9. e3 Na5 10. Qe2 b5 11. Nd2 bxc4 12. Nxc4 c5 13. dxc5 d5 14. Nxa5 Qxa5 15. Bb2
Qxc5 16. Rfc1 Qa5 17. Na4 Bg4 18. Qe1 Qd8 19. Qc3 Rc8 20. Qd4 Bd7 21. Rxc8 Bxc8
22. Rc1 Re8 23. Qb6 Qxb6 24. Nxb6 Bf5 25. Bxf6 Bxf6 26. Nxd5 Bb2 27. Rd1 a5 28.
Rd2 Ba3 29. e4 Bg4 30. f3 Bc8 31. Nc7 Rf8 32. Bf1 Bd6 33. Rc2 Bd7 34. Nd5 Rb8
35. Kf2 Kg7 36. Bc4 a4 37. bxa4 Bxa4 38. Re2 Rb1 39. Ne3 Bc5 40. Kg2 Rc1 41. Ba6
e6 42. Nf1 Bd1 43. Rd2 Bb4 44. Rf2 Rc3 45. Nd2 Ra3 46. Be2 Bxe2 47. Rxe2 Rxa2 0-1

[Event "41st Olympiad Women 2014"]
[Site "Tromso NOR"]
[Date "2014.08.08"]
[Round "6.42"]
[Board "1"]
[White "Abarca Gonzalez, Damaris"]
[Black "Gamboa Alvarado, Olga Leticia"]
[Result "0-1"]
[WhiteTitle "WFM"]
[BlackTitle "WFM"]
[WhiteElo "2049"]
[BlackElo "1899"]
[WhiteTeam "Chile"]
[BlackTeam "Costa Rica"]
[WhiteFideId "3409414"]
[BlackFideId "6502270"]
[EventDate "2014.08.02"]

1. e4 d6 2. Nc3 Nf6 3. g3 g6 4. Bg2 Bg7 5. d3 O-O 6. h3 c5 7. f4 Nc6 8. Nf3 e5
9. O-O Nd4 10. fxe5 dxe5 11. Nxe5 Nxe4 12. Nxf7 Nxc3 13. bxc3 Rxf7 14. Rxf7 Kxf7
15. Rb1 Ne6 16. Qf3+ Kg8 17. Bd2 Qc7 18. h4 Be5 19. h5 Rb8 20. Rf1 b6 21. Bh3
Qe7 22. hxg6 hxg6 23. Qe4 Nf8 24. Qd5+ Kg7 25. Bxc8 Rxc8 26. Re1 Nd7 27. d4 cxd4
28. cxd4 Rxc2 29. dxe5 Qc5+ 30. Qxc5 Nxc5 31. Bg5 Ne6 32. Bf6+ Kf7 33. Ra1 Nc5
34. a3 Ne4 35. Re1 Nxf6 36. exf6 Kxf6 37. Re3 b5 38. Rb3 a6 39. Re3 Ra2 40. Kf1
Kf5 41. Kg1 g5 42. Kf1 Kg4 43. Rd3 Kh3 44. Re3 g4 45. Rd3 a5 46. Rc3 a4 47. Rc5
Rb2 48. Rc1 b4 49. Ra1 b3 50. Kg1 Ra2 51. Rb1 Kxg3 0-1

[Event "41st Olympiad Women 2014"]
[Site "Tromso NOR"]
[Date "2014.08.08"]
[Round "6.42"]
[Board "3"]
[White "Reyes Jara, Paula"]
[Black "Acevedo Mendez, Lisseth"]
[Result "0-1"]
[WhiteTitle "WFM"]
[WhiteElo "2041"]
[BlackElo "1846"]
[WhiteTeam "Chile"]
[BlackTeam "Costa Rica"]
[WhiteFideId "3403920"]
[BlackFideId "6502938"]
[EventDate "2014.08.02"]

1. e4 e5 2. Nf3 Nc6 3. Bc4 Bc5 4. d3 h6 5. O-O Nf6 6. c3 Bb6 7. Re1 O-O 8. h3 d6
9. Nbd2 Be6 10. Bb5 Ne7 11. Nf1 c6 12. Ba4 Nd7 13. g4 Ng6 14. Ng3 Nh4 15. Nxh4
Qxh4 16. Kg2 g6 17. d4 d5 18. Bb3 exd4 19. cxd4 dxe4 20. Bxe6 fxe6 21. Rxe4 Qf6
22. Rf4 Qg7 23. Qb3 Rxf4 24. Bxf4 Re8 25. Rd1 g5 26. Be3 Nf6 27. f4 Nd5 28. Nh5
Qg6 29. Bc1 Rf8 30. Re1 gxf4 31. Kf3 Bxd4 32. Bxf4 Qf7 33. Ke4 Nxf4 34. Kxd4
Nxh5 35. gxh5 Qf2+ 36. Re3 Rd8+ 37. Ke4 Qf5# 0-1

[Event "41st Olympiad Women 2014"]
[Site "Tromso NOR"]
[Date "2014.08.08"]
[Round "6.42"]
[Board "4"]
[White "Ramirez Gonzalez, Maria Jose"]
[Black "Miranda Gonzalez, Nicole"]
[Result "0-1"]
[WhiteElo "1764"]
[BlackElo "1943"]
[WhiteTeam "Costa Rica"]
[BlackTeam "Chile"]
[WhiteFideId "6503349"]
[BlackFideId "3405770"]
[EventDate "2014.08.02"]

1. d4 d5 2. Nf3 Nf6 3. Bf4 c5 4. c3 Qb6 5. Qb3 Nc6 6. Nbd2 c4 7. Qxb6 axb6 8. h3
Bf5 9. Ne5 Nd7 10. Nxd7 Kxd7 11. g4 Bg6 12. Bg2 e6 13. e4 Bd6 14. Bxd6 Kxd6 15.
O-O b5 16. a3 f6 17. Rfe1 Ra6 18. Re3 b4 19. cxb4 Nxb4 20. Rc3 Rha8 21. exd5
exd5 22. Nxc4+ dxc4 23. Bxb7 Bf7 24. Bxa6 Rxa6 25. Re1 Nd3 26. Re2 Nf4 27. Rd2
Nd3 28. Re2 Rb6 29. Rcc2 Nf4 30. Re3 Rb7 31. Kh2 Kd5 32. Kg3 Nd3 33. Ree2 Rb3
34. Kh2 Kxd4 35. Re7 Bd5 36. Rxg7 Rxb2 37. Rxb2 Nxb2 38. Rc7 c3 39. Rxc3 Kxc3
40. Kg3 Nd3 41. f4 Kd4 42. f5 Ke4 43. Kh4 Nf4 44. Kg3 h5 45. a4 Bf7 46. a5 h4+
47. Kh2 Bc4 48. g5 Kxf5 49. gxf6 Kxf6 50. Kg1 Nxh3+ 51. Kg2 Nf4+ 52. Kh2 Kg5 53.
Kh1 Kg4 54. Kh2 h3 55. Kg1 Kg3 56. a6 h2+ 0-1

[Event "41st Olympiad Women 2014"]
[Site "Tromso NOR"]
[Date "2014.08.08"]
[Round "6.43"]
[Board "1"]
[White "Shamima, Akter Liza"]
[Black "Lin, Yu-Tong Elaine"]
[Result "1-0"]
[WhiteTitle "WIM"]
[BlackTitle "WCM"]
[WhiteElo "2147"]
[BlackElo "1519"]
[WhiteTeam "Bangladesh"]
[BlackTeam "Chinese Taipei"]
[WhiteFideId "10202587"]
[BlackFideId "16300149"]
[EventDate "2014.08.02"]

1. d4 f5 2. c4 e6 3. Nc3 Nf6 4. g3 c6 5. Bg2 d5 6. Nf3 Bd6 7. b3 Nbd7 8. O-O O-O
9. Qc2 Ne4 10. a4 Qe8 11. Ba3 Bxa3 12. Rxa3 Qh5 13. e3 Rf6 14. h4 Rh6 15. Rc1
Ndf6 16. Ne5 g5 17. Bf3 Ng4 18. Nxe4 dxe4 19. Bxg4 fxg4 20. Qxe4 gxh4 21. Qxg4+
Qxg4 22. Nxg4 Rg6 23. Ne5 Rg7 24. Kh2 hxg3+ 25. fxg3 Bd7 26. Rf1 Rf8 27. Raa1
Be8 28. a5 a6 29. c5 Bh5 30. Rae1 h6 31. Kh3 Be8 32. b4 Rg5 33. Rf4 Kg7 34. Ref1
Rh5+ 35. Kg2 Rxf4 36. Rxf4 Rg5 37. e4 h5 38. Nc4 Bg6 39. e5 Rg4 40. Kf3 Rxf4+
41. Kxf4 Kh6 42. Nd6 Bd3 43. Nxb7 Bc4 44. Nd6 Bd5 45. Nc8 Bc4 46. Ne7 Bb5 47. d5
exd5 48. e6 Kg7 49. Ke5 Kf8 50. Nf5 Bc4 51. Kf6 Ke8 52. Nd6+ 1-0